Bilecik Bilecik Bilecik Bilecik Bilecik

Başlangıç/ (Record no. 62514)

MARC details
000 -BAŞLIK
Sabit Uzunluktaki Kontrol Alanı 03440nam a22004697a 4500
001 - KONTROL NUMARASI
Control Dosyası 0062718
003 - KONTROL NUMARASI KİMLİĞİ
Kontrol Alanı KOHA_MİRAKIL
005 - EN SON İŞLEM TARİHİ ve ZAMANI
Kontrol Alanı 20260207004417.0
007 - FİZİKSEL TANIM SABİT ALAN - GENEL BİLGİ
Sabit uzunluklu kontrol alanı
008 - SABİT UZUNLUKTAKİ VERİ ÖGELERİ - GENEL BİLGİ
Sabit Alan 230711b2017 tu |||gr||||#0|||1|tur |
020 ## - ISBN - ULUSLARARASI STANDART KİTAP NUMARASI
Isbn 9789752123267
Kullanılabilirlik koşulları xxxxx
040 ## - KATALOGLAMA KAYNAĞI
Özgün Kataloglama Kurumu TR-BiSEU
Kataloglama Dili tur
Çeviri Kurumu TR-BiSEU
Açıklama Kuralları rda
041 0# - DİL KODU
Metin ya da ses kaydının dil kodu tur
044 ## - YAYINLAYAN/ÜRETEN KURULUŞUN ÜLKE KODU
ISO country code tu
050 ## - SINIFLAMA ve YER NUMARASI
Sınıflama Numarası PS3552.R68
Yer Numarası B37 2017
100 1# - KİŞİ ADI
Yazar Adı (Kişi adı) Brown, Dan.
240 10 - TEK BİÇİM BAŞLIK
Tekbiçim Başlık <a href="Origin.">Origin.</a>
Language of a work Türkçe
245 1# - ESER ADI BİLDİRİMİ
Başlık Başlangıç/
Sorumluluk Bildirimi Dan Brown ; Dan Brown ; Türkçesi: Petek Demir İncek.
264 #1 - ÜRERİM, YAYIN, DAĞITIM ve TELİF BİLDİRİMİ
Yayın yeri İstanbul :
Yayınlayan Altın Kitaplar Yayınevi
Yayın tarihi 2017
300 ## - FİZİKSEL TANIMLAMA
Sayfa, Cilt vb. 535 sayfa; 22 cm.
336 ## - İÇERİK TÜRÜ
Content type term metin
Content type code txt
Source rdacontent
337 ## - MEDYA TÜRÜ
Media type term aracısız
Media type code n
Source rdamedia
338 ## - TAŞIYICI TÜRÜ
Carrier type term cilt
Carrier type code nc
Source rdacarrier
500 ## - GENEL NOT
Genel Not Özgün adı: Origin.
500 ## - GENEL NOT
Genel Not Da Vinci Şifresi yazarından.
500 ## - GENEL NOT
Genel Not Metin Türkçe; İngilizce'den çeviri.
505 ## - İÇİNDEKİLER NOTU
İçindekiler Notu Kim olursan ol, neye inanırsan inan, Çok yakında her şey değişecek... Genç adam, aniden üç büyük dinin temsilcilerine döndü. "Şaşırtıcı bulacağınızı tahmin ettiğim bilimsel bir buluşum sebebiyle bugün buradayım. İnsanlık deneyimimizin en temel iki sorusuna cevap bulma ümidi ile yıllardır peşinden koşuyordum. Bu bilginin tüm inananları derinden etkileyeceğine inanıyorum. Nasıl desem, 'yıkıcı' diye tanımlanabilecek bir değişikliğe sebep olabilir. Birazdan görecekleriniz, dünyayla paylaşmayı umduğum sunumun kaba bir kesiti. Fakat bunu yapmadan önce dünyanın en etkili din adamlarına danışmak, en çok etkilenecek kişilerce nasıl algılanacağını öğrenmek istedim." Piskopos, haham ve ulema birbirlerine baktılar, sıkılmış görünüyorlardı. Piskopos, "İlginç bir girizgâh Bay Kirsch. Bize gösterecekleriniz dünya dinlerinin temelini sarsacakmış gibi konuşuyorsunuz," dedi. Genç adam kutsal metinlerin saklandığı bu eski mahzende etrafına baktı. Temellerini sarsmayacak, yıkacak, diye düşündü. Din adamları üç gün içinde bu sunumu bir etkinlikle insanlara duyuracağını bilmiyorlardı. Bunu yaptığında tüm insanlar, dini öğretilerin gerçekten de ortak bir noktası bulunduğunu anlayacaklardı: Hepsinin tümden yanlış olduğunu... Nereden geldik? Nereye gidiyoruz? İnsanoğlunun var olduğu günden beri cevabını bulmaya çalıştığı bu temel soruya cevap bulma iddiasındaki bir fütüristin tam da keşfini açıklayacağı gece her şey trajik bir biçimde karanlığa gömülür. Eski öğrencisinin sunumuna davetli olan Simgebilim Profesörü Robert Langdon söz konusu keşfi öğrencisinin anısına dünyaya duyurmaya karar verir. Ancak, kendisini bekleyen şifrelerden, acı sürprizlerden ve ölümcül fanatiklerden habersizdir... -- Yayıncı notu.
650 #0 - KONU BAŞLIĞI EK GİRİŞ - KONU TERİMİ
Konusal terim veya coğrafi ad American fiction--Translation into Turkish.
9 (RLIN) 116180
650 #0 - KONU BAŞLIĞI EK GİRİŞ - KONU TERİMİ
Konusal terim veya coğrafi ad Amerikan romanı--Türkçe'ye çeviriler.
9 (RLIN) 116181
650 #0 - KONU BAŞLIĞI EK GİRİŞ - KONU TERİMİ
Konusal terim veya coğrafi ad American literature.
9 (RLIN) 31336
650 #0 - KONU BAŞLIĞI EK GİRİŞ - KONU TERİMİ
Konusal terim veya coğrafi ad Amerikan edebiyatı.
9 (RLIN) 31337
650 #0 - KONU BAŞLIĞI EK GİRİŞ - KONU TERİMİ
Konusal terim veya coğrafi ad Langdon, Robert (Fictitious character)--Fiction.
9 (RLIN) 89923
650 #0 - KONU BAŞLIĞI EK GİRİŞ - KONU TERİMİ
Konusal terim veya coğrafi ad Langdon, Robert (Roman karakteri)--Roman.
9 (RLIN) 116182
650 #0 - KONU BAŞLIĞI EK GİRİŞ - KONU TERİMİ
Konusal terim veya coğrafi ad Cryptographers--Fiction.
9 (RLIN) 49597
650 #0 - KONU BAŞLIĞI EK GİRİŞ - KONU TERİMİ
Konusal terim veya coğrafi ad Kriptologlar--Roman.
9 (RLIN) 116183
650 #0 - KONU BAŞLIĞI EK GİRİŞ - KONU TERİMİ
Konusal terim veya coğrafi ad Human beings--Origin--Fiction.
9 (RLIN) 116184
650 #0 - KONU BAŞLIĞI EK GİRİŞ - KONU TERİMİ
Konusal terim veya coğrafi ad İnsanoğlu--Köken--Roman.
9 (RLIN) 116185
650 #0 - KONU BAŞLIĞI EK GİRİŞ - KONU TERİMİ
Konusal terim veya coğrafi ad Spain--Fiction.
9 (RLIN) 116186
650 #0 - KONU BAŞLIĞI EK GİRİŞ - KONU TERİMİ
Konusal terim veya coğrafi ad İspanya--Roman.
9 (RLIN) 116187
907 ## - LOCAL DATA ELEMENT G, LDG (RLIN)
a Roman
942 ## - EK GİRİŞ ÖGELERİ (KOHA)
Source of classification or shelving scheme Library of Congress Classification
Koha item type Book
Holdings
Materyal Türü Kalıcı Konum Mevcut Konum Raf Yeri Sınıflandırma Kaynağı Edinim Bilgisi Ana Konular Alt Konular Yer Numarası Demirbaş Numarası Fatura Tarihi Geri Çekilme Durumu Kayıp Durumu Hasarlı Durumu Kredi için değil Kayıt Tarih Toplam Ödünçverme Toplam Yenileme Son Görülme Tarihi Son Kontrol Tarihi Genel / Bağış Notu
Book Prof. Dr. Azmi Özcan Kütüphanesi Prof. Dr. Azmi Özcan Kütüphanesi Birûni Salonu Library of Congress Classification Satın DİL VE EDEBİYAT Amerikan Edebiyatı PS3552.R68 B37 2017 0062718 02/02/2026         06/11/2018 32 2 08/04/2026 16/03/2026  
Book Prof. Dr. Azmi Özcan Kütüphanesi Prof. Dr. Azmi Özcan Kütüphanesi Birûni Salonu Library of Congress Classification Bağış DİL VE EDEBİYAT Amerikan Edebiyatı PS3552.R68 B37 2017 0069044 02/02/2026         11/07/2023 8   17/03/2025 17/03/2025 Genel Bağış